Cities & Towns on a 16th-Century Map of Wales - Statistics

General Stats
  • This quiz has been taken 23 times
  • The average score is 53 of 183
Answers on the Map
Answers color-coded by a green-red scale on the quiz's map according to % correct below.
 
Answer Stats
Region Place % Correct
Deheubarth Cardyf | Caerdhydh(Cardiff | Caerdydd)
100%
Deheubarth Swansey | Abertawy(Swansea | Abertawe)
94%
Gwynedd Bangor
88%
Powys Bangor(Bangor-on-Dee | Bangor Is-coed)
88%
Gwynedd Wrexhan(Wrexham | Wrecsam)
88%
Deheubarth Neuport | Castel newydh(Newport | Casnewydd)
82%
Deheubarth Neuport | Trefdraeth(Newport | Trefdraeth)
82%
Gwynedd Aber(Abergwyngregyn)
76%
Deheubarth Aberysthwijth(Aberystwyth)
76%
Gwynedd Holy head | Caer Gybi(Holyhead | Caergybi)
76%
Deheubarth Penbroke | Penfro(Pembroke | Penfro)
76%
Deheubarth Saynt Dauijes | Ty Dhewy(St Davids | Tyddewi)
76%
Gwynedd Caerarfon(Caernarfon)
71%
Deheubarth Fyscard | Abergwayn(Fishguard | Abergwaun)
71%
Gwynedd Aberconwy(Conwy)
65%
Deheubarth Caerdfyrdhyn(Carmarthen | Caerfyrddin)
65%
Deheubarth Cardigan | Abertyui(Cardigan | Aberteifi)
65%
Gwynedd Flint(Flint | Y Fflint)
65%
Powys Herefordh(Hereford)
65%
Deheubarth Neth(Neath | Castell-nedd)
65%
Deheubarth Breknoke | Aberhodni(Brecon | Aberhonddu)
59%
Gwynedd Denbigh(Denbigh | Dinbych)
59%
Deheubarth Hay | Celhy(Hay-on-Wye | Y Gelli Gandryll)
59%
Deheubarth Monmouth | Monwy(Monmouth | Trefynwy)
59%
Powys Oswesthree | Croys Oswalht(Oswestry | Croesoswallt)
59%
Powys Pole | Trelhin(Welshpool | Y Trallwng)
59%
Gwynedd Saynt Asaph(St Asaph | Llanelwy)
59%
Deheubarth Buelht(Builth Wells | Llanfair-ym-Muallt)
53%
Deheubarth Chepstowe | Castelh Guent(Chepstow | Cas-gwent)
53%
Gwynedd Harlech
53%
Deheubarth Herfordwest | Hwlfordh(Haverfordwest | Hwlffordd)
53%
Deheubarth Myrthyr Tydfal(Merthyr Tydfil | Merthyr Tudful)
53%
Gwynedd Pulheli(Pwllheli)
53%
Powys Roße(Ross-on-Wye)
53%
Deheubarth Tenby | Dynbech y Pyscod(Tenby | Dinbych-y-pysgod)
53%
Deheubarth Abergefenni(Abergavenny | Y Fenni)
47%
Deheubarth Caerphili(Caerphilly | Caerffili)
47%
Gwynedd Dolgelhe(Dolgellau)
47%
Gwynedd Festimog(Llan Ffestiniog)
47%
Powys Kingthon | Trefyclaudh(Knighton | Tref-y-clawdd)
47%
Deheubarth Lanfur Glydois(Llanfair Clydogau)
47%
Powys Lemster(Leominster)
47%
Powys Lhudlow(Ludlow)
47%
Powys Mathanlaeth(Machynlleth)
47%
Powys Newthon | Trenewijdh(Newtown | Y Drenewydd)
47%
Deheubarth Pen y bont(Bridgend | Pen-y-bont ar Ogwr)
47%
Gwynedd Porthhaythne(Menai Bridge | Porthaethwy)
47%
Gwynedd Abermo(Barmouth | Abermaw)
41%
Deheubarth Emlyn(Newcastle Emlyn | Castellnewydd Emlyn)
41%
Gwynedd Gellon(Llangollen)
41%
Gwynedd Mold | Guydgruc(Mold | Yr Wyddgrug)
41%
Gwynedd Towyn(Tywyn)
41%
Powys Ynton(Kington)
41%
Deheubarth Aberayron(Aberaeron)
35%
Gwynedd Abergele
35%
Gwynedd Amlwoch(Amlwch)
35%
Gwynedd Bala(Bala | Y Bala)
35%
Gwynedd Beaumarys(Beaumaris | Biwmares)
35%
Deheubarth Budhair(Llanybydder)
35%
Deheubarth Caerleon(Caerleon | Caerllion)
35%
Deheubarth Carne(Treffgarne | Trefgarn)
35%
Gwynedd Chrycheth(Criccieth)
35%
Gwynedd Lhangefni(Llangefni)
35%
Deheubarth Lhanymdhyfry(Llandovery | Llanymddyfri)
35%
Gwynedd Nefyn
35%
Powys Rayader(Rhayader | Rhaeadr Gwy)
35%
Gwynedd Ruthyn(Ruthin | Rhuthun)
35%
Deheubarth Uck | Branbuga(Usk | Brynbuga)
35%
Gwynedd Aberdaron
29%
Gwynedd Aberdyfy(Aberdyfi)
29%
Deheubarth Ceydwyly(Kidwelly | Cydweli)
29%
Gwynedd Corwen
29%
Powys Elsmer(Ellesmere)
29%
Deheubarth Gur(Ogmore | Ogwr)
29%
Gwynedd Holt
29%
Powys Prestain | Lhanandreas(Presteigne | Llanandras)
29%
Powys Radnor | Maysyfet(New Radnor | Maesyfed)
29%
Powys Stretthon(Church Stretton)
29%
Deheubarth Tregaron
29%
Deheubarth Caldicot(Caldicot | Cil-y-coed)
24%
Deheubarth Cerikhowel(Crickhowell | Crucywel)
24%
Gwynedd Chirck(Chirk | Y Waun)
24%
Deheubarth Dar(Abbey Dore)
24%
Deheubarth Lhadhaf(Llandaff | Llandaf)
24%
Powys Lhanidlos(Llanidloes)
24%
Gwynedd Lhanrust(Llanrwst)
24%
Deheubarth Lhanstephan(Llansteffan)
24%
Deheubarth Margan(Margam)
24%
Powys Mauem(Great Malvern)
24%
Powys Mont Gomeri | Trefaldwyn(Montgomery | Trefaldwyn)
24%
Deheubarth Talgarh(Talgarth)
24%
Powys Tynbury(Tenbury Wells)
24%
Deheubarth Aberauyn(Aberavon | Aberafan)
18%
Powys Biscops Castel | Tre Escop(Bishop's Castle | Trefesgob)
18%
Powys Bromyard
18%
Deheubarth Caerwent(Caerwent | Caer-went)
18%
Powys Clien | Colynwy(Clun)
18%
Powys Clydbery(Cleobury Mortimer)
18%
Deheubarth Cowbridge | Pontfayn(Cowbridge | Y Bont-faen)
18%
Gwynedd Harden | Penirlac(Hawarden | Penarlâg)
18%
Powys Ledburi(Ledbury)
18%
Gwynedd Lhanberis(Llanberis)
18%
Gwynedd Lhanerch y medh(Llannerch-y-medd)
18%
Deheubarth Nangle(Angle | Angl)
18%
Gwynedd Nuburgh | Rhoßyr(Newborough | Niwbwrch)
18%
Deheubarth Roch(Roch | Y Garn)
18%
Gwynedd Rudlan(Rhuddlan)
18%
Deheubarth Saynt Clere(St Clears | Sanclêr)
18%
Deheubarth Talacharu(Laugharne | Talacharn)
18%
Gwynedd Trawsfynydh(Trawsfynydd)
18%
Powys Upton(Upton-upon-Severn)
18%
Deheubarth Aberarth
12%
Gwynedd Aberfrau(Aberffraw)
12%
Gwynedd Bethilhart(Beddgelert)
12%
Gwynedd Bodedyrn(Bodedern)
12%
Deheubarth Bruy(Llanddewi Brefi)
12%
Gwynedd Cargurle(Caergwrle)
12%
Powys Credley(Cradley)
12%
Deheubarth Dinefur(Dinefwr)
12%
Powys Hanmer
12%
Powys Leutardin(Leintwardine)
12%
Powys Lhanbrynmair(Llanbrynmair)
12%
Powys Lhanfylin(Llanfyllin)
12%
Deheubarth Lhangadoc(Llangadog)
12%
Deheubarth Lhanhayaden(Llawhaden)
12%
Deheubarth Lochar | Lhychwr(Loughor | Casllwchwr)
12%
Deheubarth Magur(Magor | Magwyr)
12%
Gwynedd Moudhewy(Dinas Mawddwy)
12%
Deheubarth Nash(Nash | Trefonnen)
12%
Powys Neunam(Newnham-on-Severn)
12%
Gwynedd Penlheth(Penllech)
12%
Gwynedd Penmo(Penmon)
12%
Deheubarth Pyll(Pill)
12%
Deheubarth Raglan(Raglan | Rhaglan)
12%
Deheubarth Skinfreth(Skenfrith | Ynysgynwraidd)
12%
Deheubarth Stradflur(Ystrad Fflur)
12%
Deheubarth Talysarn(Talsarn)
12%
Deheubarth Tredegyr(Tredegar)
12%
Deheubarth Walton(Walton West)
12%
Powys Wenlock(Much Wenlock)
12%
Powys Whitton(Whitbourne)
12%
Powys Aburley(Abberley)
6%
Powys Acton(Acton Green)
6%
Deheubarth Badarn(Llanbadarn Fawr)
6%
Gwynedd Batric(Llanbadrig)
6%
Powys Beaudeleau(Bewdley)
6%
Powys Caurs(Caus)
6%
Powys Cliftou(Clifton-upon-Teme)
6%
Gwynedd Clynnoc(Clynnog Fawr)
6%
Gwynedd Cymer
6%
Powys Dean(Littledean)
6%
Gwynedd Dyganwy(Deganwy)
6%
Powys Dymoke(Dymock)
6%
Gwynedd Frothen(Llanfrothen)
6%
Deheubarth Goldcliffe(Goldcliff | Allteuryn)
6%
Gwynedd Gyfylchi(Dwygyfylchi)
6%
Powys Haxley(Flaxley)
6%
Deheubarth Kilgarran(Cilgerran)
6%
Gwynedd Lhachtenfarwy(Llechgynfarwy)
6%
Gwynedd Lhanarmo(Llanarmon)
6%
Gwynedd Lhanelian(Llaneilian)
6%
Gwynedd Lhangadwalader(Llangadwaladr)
6%
Gwynedd Lhangristiolis(Llangristiolus)
6%
Gwynedd Lhangwifen(Llangwyfan)
6%
Gwynedd Lhanlhyfni(Llanllyfni)
6%
Gwynedd Lhansanan(Llansannan)
6%
Deheubarth Lhanylhtyd(Llantrithyd | Llantriddyd)
6%
Powys Lhanyrfil(Llanerfyl)
6%
Deheubarth Lhanysmael(St Ishmael | Llanishmael)
6%
Gwynedd Maentwrog
6%
Gwynedd Malhtraeth(Malltraeth)
6%
Powys Matrafal(Mathrafal)
6%
Powys Payn(Painscastle | Castell-paen)
6%
Gwynedd Penmachno
6%
Gwynedd Potvary(Bodfari)
6%
Deheubarth Risthyd(Llanrhystud)
6%
Powys Shrauden(Shrawardine)
6%
Powys Talyforwy(Dolforwyn)
6%
Deheubarth Trerdhol(Tre'r-ddol)
6%
Deheubarth Trysklwyn(Dryslwyn)
6%
Powys Wigmore
6%
Deheubarth Wylton(Wilton)
6%
Gwynedd Yrysbysty(Ysbyty Ifan)
6%
No matching quizzes found
Score Distribution
Percent of People with Each Score
Percentile by Number Answered
Your Score History
You have not taken this quiz